| 000 | 00568pab a2200205 454500 | ||
|---|---|---|---|
| 008 | 180718b2007 xxu||||| |||| 00| 0 eng d | ||
| 100 | _aSharma, J.P. | ||
| 245 | _aGovernance of Delhi University colleges: a critical appraisal | ||
| 260 | _c2007 | ||
| 300 | _ap.1-10, 18. | ||
| 362 | _a24 Dec | ||
| 650 | _a Educational management - India - Delhi | ||
| 650 | _aHigher education - India - Delhi | ||
| 650 | _aHigher education | ||
| 650 | _aEducational management | ||
| 700 | _aBose, Shubhasree | ||
| 773 | _aUniversity News | ||
| 908 | _aN | ||
| 909 | _a76778 | ||
| 999 |
_c76778 _d76778 |
||